<?xml version="1.0" encoding="UTF-8"?>
<collection xmlns="http://www.loc.gov/MARC21/slim">
  <record>
    <leader>00000nam  2200000   4500</leader>
    <datafield tag="990" ind1="#" ind2="#">
      <subfield code="a">64/TA TIA 2020</subfield>
    </datafield>
    <controlfield tag="001">INLIS000000000000291</controlfield>
    <controlfield tag="005">20220629034805</controlfield>
    <datafield tag="035" ind1="#" ind2="#">
      <subfield code="a">0010-0521000015</subfield>
    </datafield>
    <datafield tag="245" ind1="1" ind2="#">
      <subfield code="a">Usulan Perbaikan Postur Kerja dengan Metode Ovako Work Analysis System (OWAS) pada PT. Garudafood Gresik :</subfield>
      <subfield code="b">Tugas Akhir /</subfield>
      <subfield code="c">Shafira Salzabila</subfield>
    </datafield>
    <datafield tag="100" ind1=" " ind2="#">
      <subfield code="a">SHAFIRA Salzabila</subfield>
    </datafield>
    <datafield tag="250" ind1="#" ind2="#">
      <subfield code="a">2020</subfield>
    </datafield>
    <datafield tag="300" ind1="#" ind2="#">
      <subfield code="a">x, 36 hlm.;20,5x29,5 cm :</subfield>
      <subfield code="b">tabel; gambar ;</subfield>
      <subfield code="c">20,5x29 cm</subfield>
      <subfield code="e">lampiran</subfield>
    </datafield>
    <datafield tag="856" ind1="#" ind2="#">
      <subfield code="a">OPAC (Rak TA TIA 2020)</subfield>
    </datafield>
    <datafield tag="260" ind1="#" ind2="#">
      <subfield code="a">Makassar :</subfield>
      <subfield code="b">Politeknik ATI Makassar. Teknik Industri Agro,</subfield>
      <subfield code="c">2020</subfield>
    </datafield>
    <datafield tag="082" ind1="#" ind2="#">
      <subfield code="a">(R)2020 TA-TIA 818</subfield>
    </datafield>
    <datafield tag="084" ind1="#" ind2="#">
      <subfield code="a">(R)2020 TA-TIA 818 SHA u</subfield>
    </datafield>
    <datafield tag="650" ind1="#" ind2="4">
      <subfield code="a">Tugas Akhir TIA 2020</subfield>
    </datafield>
    <datafield tag="520" ind1="#" ind2="#">
      <subfield code="a">PT. Garudafood Putra Putri Jaya Gresik merupakan perusahaan devisi biskuit yang berlokasi di Jl. Krikilan KM 28 Kabupaten Gresik Jawa TImur. Tujuan dari penelitian ini terfokus pada cara menilai postur kerja pada bagian pengaturan wafer stick. Proses pengaturan wafer stick hanya menggunakan 3 pekerja yang keseluruhannya adalah wanita, dimana 1 pekerja lebih memilih posisi berdiri karena merasa kurang nyaman dengan fasilitas yang disediakan. Kondisi sikap kerja yang dilakukan oleh pekerja tersebut saat ini sangatlah tidak ergonomis. Sikap kerja tersebut yaitu berdiri posisi membungkuk, tangan berada di bawah bahu dan satu kaki ditekuk sehingga dapat menyebabkan terjadinya ketidakseimbangan tubuh pekerja. Dari permasalahan tersebut perlu adanya perbaikan pada postur kerja, sehingga peneliti menggunakan metode OWAS untuk menganalisis sikap kerja yang tidak nyaman yang dapat mengakibatkan cidera musculoskeletal. Berdasarkan penelitian menggunakan metode OWAS maka usulan perbaikan postur kerja dengan menambahkan tinggi kursi yang awalnya 50 cm menjadi 70 cm dan menambahkan penyanggah kaki, sehingga dapat membantu beban badan pekerja agar tidak cepat merasakan kelelahan.</subfield>
    </datafield>
    <controlfield tag="008">220629################|##########|#|##</controlfield>
  </record>
</collection>
